| 000 | 01152nam a22002657a 4500 | ||
|---|---|---|---|
| 001 | 76093 | ||
| 003 | BD-RjUL | ||
| 005 | 20211209082805.0 | ||
| 008 | 191024s19591951 ||||| |||| 00| 0 ara d | ||
| 035 | _a(BD-RjUL)76313 | ||
| 040 |
_aBD-RjUL _beng _cBD-RjUL |
||
| 041 | _aara | ||
| 082 |
_223 _a953 _bALT 1951-1959 |
||
| 100 |
_aAli, jawad جواد, على _9234023 |
||
| 245 |
_aتاريخ العرب قبلاالاسلام) tarikh al Arab qablaal Islam / _cjawad Ali ;; جواد على |
||
| 260 |
_a العراقى: _b ; مطبوعات المجمع العسلمي _c1952 |
||
| 300 |
_av. 1-8 _c23 cm. |
||
| 504 | _aIncludes Index | ||
| 505 | _aمضمونه: الجزء ١-:٤ القسم السياسى. ١٣٧٩[والصواب ١٣٦٩هج] ١٩٥٠[م] - ١٣٧٤[هج] ١٩٥٤[م] | ||
| 505 | _a.الجزء ٥-:٦ القسم الدينى. ١٣٧٤[هج] ١٩٥٥[م] - ١٣٧٥[هج] ١٩٥٦[م] | ||
| 505 | _aالجزء :٧ القسم اللغوى. ١٣٧٦[هج] ١٩٥٧[م]. | ||
| 505 | _aالجزء :٨ القسم الاجتماعى والثقافى. ١٣٧٨[هج] ١٩٥٩ | ||
| 650 |
_aHistory _vArab _9234024 |
||
| 942 |
_2ddc _cBK |
||
| 999 |
_c76093 _d76093 |
||